没有5A级景区的中国地级行政区 - Statistics

General Stats
  • This quiz has been taken 39 times
    30 since last reset
  • The average score is 86 of 121
Answer Stats
省级行政区 地级行政区 % Correct
河北省 邢台市
95%
河北省 沧州市
95%
河北省 廊坊市
95%
河北省 张家口市
90%
山西省 运城市
86%
内蒙古自治区 包头市
86%
内蒙古自治区 通辽市
86%
安徽省 淮南市
86%
山西省 朔州市
81%
山西省 吕梁市
81%
内蒙古自治区 乌兰察布市
81%
内蒙古自治区 锡林郭勒盟
81%
辽宁省 辽阳市
81%
辽宁省 葫芦岛市
81%
安徽省 淮北市
81%
山东省 菏泽市
81%
广东省 珠海市
81%
广东省 汕头市
81%
广东省 湛江市
81%
广东省 汕尾市
81%
广东省 潮州市
81%
广东省 云浮市
81%
山西省 阳泉市
76%
内蒙古自治区 乌海市
76%
内蒙古自治区 巴彦淖尔市
76%
辽宁省 抚顺市
76%
辽宁省 锦州市
76%
辽宁省 营口市
76%
辽宁省 铁岭市
76%
辽宁省 朝阳市
76%
吉林省 吉林市
76%
安徽省 铜陵市
76%
山东省 日照市
76%
山东省 德州市
76%
山东省 聊城市
76%
河南省 鹤壁市
76%
河南省 许昌市
76%
河南省 漯河市
76%
河南省 三门峡市
76%
湖北省 黄石市
76%
湖北省 荆州市
76%
湖南省 怀化市
76%
广东省 茂名市
76%
广东省 东莞市
76%
广东省 揭阳市
76%
广西壮族自治区 防城港市
76%
海南省 海口市
76%
辽宁省 丹东市
71%
吉林省 四平市
71%
吉林省 白山市
71%
黑龙江省 双鸭山市
71%
黑龙江省 佳木斯市
71%
黑龙江省 七台河市
71%
黑龙江省 绥化市
71%
安徽省 蚌埠市
71%
江西省 新余市
71%
河南省 濮阳市
71%
湖北省 孝感市
71%
湖南省 永州市
71%
广西壮族自治区 梧州市
71%
广西壮族自治区 钦州市
71%
广西壮族自治区 河池市
71%
四川省 攀枝花市
71%
四川省 泸州市
71%
四川省 德阳市
71%
四川省 眉山市
71%
四川省 资阳市
71%
贵州省 六盘水市
71%
云南省 普洱市
71%
云南省 临沧市
71%
甘肃省 白银市
71%
辽宁省 阜新市
67%
吉林省 辽源市
67%
黑龙江省 鹤岗市
67%
黑龙江省 大庆市
67%
安徽省 宿州市
67%
山东省 滨州市
67%
湖北省 鄂州市
67%
湖北省 随州市
67%
湖南省 益阳市
67%
广西壮族自治区 贵港市
67%
广西壮族自治区 玉林市
67%
四川省 自贡市
67%
四川省 宜宾市
67%
四川省 达州市
67%
四川省 凉山彝族自治州
67%
云南省 曲靖市
67%
云南省 玉溪市
67%
云南省 昭通市
67%
云南省 红河哈尼族彝族自治州
67%
云南省 怒江傈僳族自治州
67%
陕西省 铜川市
67%
甘肃省 兰州市
67%
甘肃省 武威市
67%
青海省 玉树藏族自治州
67%
青海省 海西蒙古族藏族自治州
67%
新疆维吾尔自治区 哈密市
67%
安徽省 亳州市
62%
湖南省 娄底市
62%
海南省 三沙市
62%
四川省 遂宁市
62%
四川省 内江市
62%
云南省 楚雄彝族自治州
62%
云南省 德宏傣族景颇族自治州
62%
西藏自治区 山南市
62%
西藏自治区 那曲市
62%
西藏自治区 阿里地区
62%
陕西省 榆林市
62%
陕西省 安康市
62%
甘肃省 庆阳市
62%
青海省 黄南藏族自治州
62%
青海省 果洛藏族自治州
62%
广西壮族自治区 来宾市
57%
海南省 儋州市
57%
西藏自治区 昌都市
57%
陕西省 汉中市
57%
甘肃省 金昌市
57%
甘肃省 定西市
57%
新疆维吾尔自治区 和田地区
57%
新疆维吾尔自治区 克孜勒苏柯尔克孜自治州
52%
新疆维吾尔自治区 塔城地区
52%
No matching quizzes found
Score Distribution
Percent of People with Each Score
Percentile by Number Answered
Your Score History
You have not taken this quiz since the last reset